[Event "Cearense-ch 69th"]
[Site "Fortaleza"]
[Date "2000.10.15"]
[Round "8"]
[White "Regis Pontes, Francisco"]
[Black "Da Paz Palacio, Igor"]
[Result "1-0"]
[WhiteElo "1800"]
[BlackElo "1805"]
[PlyCount "69"]
[EventDate "2000.??.??"]
[EventType "swiss"]
[EventRounds "9"]
[EventCountry "BRA"]
[SourceTitle "EXT 2003"]
[Source "ChessBase"]
[SourceDate "2002.11.25"]
[SourceVersion "1"]
[SourceVersionDate "2002.11.25"]
[SourceQuality "1"]

1. d4 Nf6 2. Nf3 e6 3. Bf4 b6 4. e3 Bb7 5. Bd3 Be7 6. 0-0 d5 7. Nbd2 0-0 8. h3 Nbd7 9. Rc1 c5 10. c3 Re8 11. Ne5 Nxe5 12. Bxe5 Bd6 13. f4 Ne4 14. Nxe4 dxe4 15. Bb1 Bf8 16. f5 Bd6 17. Bxd6 Qxd6 18. f6 g6 19. Qg4 e5 20. dxe5 Rxe5 21. Rcd1 Qe6 22. Qh4 Rh5 23. Qg3 Rc8 24. Rd6 Rg5 25. Qf4 Qf5 26. Rfd1 h6 27. Rd8+ Kh7 28. Qxf5 Rxf5 29. R8d7 Bc6 30. Rxf7+ Kg8 31. Rg7+ Kf8 32. Rxg6 h5 33. Rh6 Kg8 34. Rd6 a5 35. f7+ 1-0